00612 2200217 4500001002100000005001500021035002000036007000300056008004100059020002200100082001000122084001600132100001300148245011100161250001100272260003400283300003500317650002100352990001000373990001100383INLIS00000000000152920180212015221 a0010-0218000124ta180212 g 0 ind  a978-602-9186-66-6 a745.5 a745.5 LIN b0 aLINAWATI1 aBunga dari Kain & Pita :bMembuat Beragam Bentuk Bunga Cantik dengan Bahan Dasar Kain dan Pita /cLinawati acet. 2 aSurabaya :bTiara Aksa,c2013 a120 Hlm :b.ilus ;c17 x 21 cm aKERAJINAN TANGAN a14995 a14995a